Bienvenue à la Médiathèque de Saint-Andiol
banniere
Accueil Recherche avancée Mon compte
handi1 Rechercher dans le catalogue

Filtre   Mots-clés
  Recherche avancée
 
Lister les dernières nouveautés
 
Lister les livres GROS CARACTERES
 
Lister les périodiques (magazines)

handi1 Sabbath Grand Derby

Book Cover
Auteur principal : Arthur de Pins
Titre : Sabbath Grand Derby
Support : Livres
Langue : Francais
Publié : DL 2022 Dupuis Paris
Series : Zombillénium
Genre : Bande Dessinée (enfants)
Collection : Zombillénium
Sujets :
Étiquettes :
Pas de tags
LEADER 01610nam0a2200205 450
001 16868353
010 |a 979-1-0347-5444-1  |b rel.  |d 15,95 € 
100 |a 20221110d2026 u u0frey01 ba 
101 0 |a fre 
102 |a BE 
200 0 |a Sabbath Grand Derby  |f Arthur de Pins 
207 1 |a   
210 |a Paris  |b 57, bd de La Villette  |c Dupuis  |d DL 2022 
215 |a 1 vol. (non paginé [54] p.)  |c ill. en coul.  |d 32 cm  |e 1 ex-libris 
225 1 |a Zombillénium  |v 6 
330 |a Le parc d'attractions Zombillénium, qui garde toujours prisonniers des dizaines de visiteurs, est convoité par de nombreux démons, chacun désireux d'en devenir actionnaire majoritaire. Seule méthode d'arbitrage acceptée de tous : le Sabbath Grand Derby, épreuve sportive aussi violente qu'inventive où s'affrontent cinq sorcières auxquelles vont être donnés en pâture les visiteurs du parc... Parmi les candidates, une certaine Gretchen, décidée à jouer son va-tout puisqu'elle ne peut compter sur l'aide d'Aurélien-Baphomet... Les spectateurs du Sabbath Grand Derby, retransmis comme un banal programme de téléréalité, vont en prendre plein les yeux ! Gretchen, elle, risque d'en prendre plein la figure... Le plus spectaculaire des tomes de Zombillénium vous attend, pour un final en apothéose, où l'action n'enlève rien à l'émotion ni à la critique sociale. Du grand art, dans tous les sens du terme ! 
461 0 |t Zombillénium  |v 6 
700 0 |a Pins  |b Arthur de  |f 1977-....  |4 70 
900 |a Bande Dessinée (enfants) 
995 |a Médiathèque  |c Médiathèque  |f 089021907  |h 089021907  |k BD ZOM 6  |o p  |q j  |r az  |e Médiathèque